|
|
|
|
| LEADER |
01591nam a2200349 a 4500 |
| 001 |
0017814 |
| 003 |
BD-DhAAL |
| 008 |
090629s2003 nyuab b 001 0 eng d |
| 010 |
|
|
|a \\2004298166
|
| 020 |
|
|
|a 1568984243
|
| 020 |
|
|
|a 185669383X
|
| 040 |
|
|
|a WCM
|c WCM
|d DLC
|d BD-DhAAL
|
| 082 |
0 |
4 |
|a 720.92
|2 21
|
| 100 |
1 |
|
|a Coates, Nigel.
|9 31885
|
| 245 |
1 |
0 |
|a Guide to ecstacity /
|c Nigel Coates.
|
| 246 |
3 |
0 |
|a Ecstacity
|
| 260 |
|
|
|a New York :
|b Princeton Architectural Press,
|c c2003.
|
| 300 |
|
|
|a 463, [1] p. :
|b col. ill., col. maps (1 folded) ;
|c 25 cm
|
| 500 |
|
|
|a "Published simultaneously in the United Kingdom by Laurence King Publishing Ltd., London"--P. [20].
|
| 504 |
|
|
|a Includes bibliographical references (page [454]) and index.
|
| 526 |
|
|
|a ARC
|x Md. Shajjad Hossain,
Faculty members of the Department of Architecture
|
| 541 |
1 |
|
|e 0017814
|a Zeenat Book Supply Ltd
|
| 600 |
1 |
0 |
|a Coates, Nigel
|x Themes, motives.
|9 31886
|
| 650 |
|
0 |
|a Architectural design.
|9 31887
|
| 650 |
|
0 |
|a Ecstacity (Imaginary place).
|9 31888
|
| 650 |
|
0 |
|a City planning
|x Computer simulation.
|9 31889
|
| 650 |
|
0 |
|a Architectural design
|x Computer simulation.
|9 31890
|
| 650 |
|
0 |
|a City and town life
|x Forecasting.
|9 31891
|
| 852 |
4 |
|
|a Ayesha Abed Library
|c General Stacks
|
| 942 |
|
|
|2 ddc
|c BK
|
| 999 |
|
|
|c 1869
|d 1869
|
| 952 |
|
|
|0 0
|1 0
|2 ddc
|4 0
|6 720_920000000000000_COA
|7 0
|9 1712
|a BRACUL
|b BRACUL
|c GEN
|d 2009-06-29
|e Zeenat Book Supply Limited
|g 4725.00
|l 4
|m 36
|o 720.92 COA
|p 3010017814
|r 2022-06-04
|s 2020-02-04
|t 1
|w 2009-06-29
|y BK
|x Requisitioned by Md. Shajjad Hossain (Faculty members of the Department of Architecture).
|